El rǧimen jurd̕ico del documento de voluntades anticipadas en el m̀bito estatal y autonm̤ico

Bibliographic Details
Main Author: Noriega Rodrg̕uez, Lydia
Format: eBook
Language:Spanish
Published: Barcelona: J.M. Bosch Editor, 2019
Subjects:
Online Access:Acceso restringido

MARC

LEADER 00000nam a22000007a 4500
005 20190402221847.0
007 cr|||| ||||
008 190402s2019 es |||||s|||| 00||0 spa d
020 |a 978-84-949775-3-4 
035 |a 23233 
040 |a vLex 
090 |c 8542  |d 8542 
100 1 |a Noriega Rodrg̕uez, Lydia 
245 1 2 |a El rǧimen jurd̕ico del documento de voluntades anticipadas en el m̀bito estatal y autonm̤ico  |h [Recurso electrn̤ico] /  |c Lydia Noriega Rodrg̕uez 
256 |a Servicio en ln̕ea 
260 |a Barcelona:  |b J.M. Bosch Editor,  |c 2019 
300 |a 1 recurso electrn̤ico 
506 1 |a Disponible solo en los productos indicados  |d vLex Global  |d vLex Global (Academic Edition, excluding Law Schools)  |d vLex Global (U.S. Academic Edition, Law Schools)  |d vLex Global (U.S. Academic Edition, excluding Law Schools)  |d vLex Global (Academic Edition, Law Schools) 
650 0 4 |a Derecho Civil  |z Espaą 
740 0 |a vLex Libros (Servicio en ln̕ea) 
856 4 0 |u http://vlex.com/source/regimen-juridico-documento-voluntades-anticipadas-ambito-estatal-autonomico-23233  |z Acceso restringido 
942 |c BOOK 
999 0 |a Civil Law